Arco''s Complete Wood Work H/B. (Record no. 920788)

MARC details
000 -LEADER
fixed length control field 00266nam a2200109Ia 4500
008 - FIXED-LENGTH DATA ELEMENTS--GENERAL INFORMATION
fixed length control field 231107s1981 xx 000 0 und d
041 ## - LANGUAGE CODE
Language code of text/sound track or separate title eng
082 ## - DEWEY DECIMAL CLASSIFICATION NUMBER
Classification number 684.08
100 ## - MAIN ENTRY--PERSONAL NAME
Personal name Adams,J.T.
245 ## - TITLE STATEMENT
Title Arco''s Complete Wood Work H/B.
260 ## - PUBLICATION, DISTRIBUTION, ETC.
Place of publication, distribution, etc. New York
Name of publisher, distributor, etc. Acro
Date of publication, distribution, etc. 1981
Holdings
Withdrawn status Lost status Damaged status Not for loan Home library Current library Date acquired Cost, normal purchase price Total Checkouts Full call number Barcode Date last seen Price effective from Koha item type
        College of Architecture, Navi Mumbai College of Architecture, Navi Mumbai 07/11/2023 587.00   684.08 ARM-A-162 07/11/2023 07/11/2023 Book